00403 2200169 4500001002100000005001500021008004100036035001900077041000700096082000800103090001400111100002100125245002700146260002400173300002500197650001100222INLIS00000000000270120241224112603241224||||||||| | ||| |||| || |  0010-1224002701 aid0 a819 a819 BUD e0 aEriyandi Budiman00aEsei-Esei Sunda Santey bElisa Surya Dwitama a100 hlm;14.5 x 21 cm 0aSastra